Шейдлина Е. О неурядицах во Франции "Союза 17 Октября", о плохой погоде и плохих видах на урожай

Доступно только в Электронных читальных залах Найти на картеНа карте
RUSMARC
00004436nac2a22003013x 450
001ed6655cd-232e-4c25-977c-5ad9db9fdb32
00520211210120054.0
100##$a20211120l19121912k y0rusy50 ca
1010#$arus
102##$aRU
105##$ay z |||||
1222#$ad19120601
$ad19120814
2001#$aШейдлина Е. О неурядицах во Франции "Союза 17 Октября", о плохой погоде и плохих видах на урожай
$j01 июня 1912 - 14 августа 1912
215##$a4 листа
251##$cДело
300##$aЗаголовок дела на папке: Письмо Шейдлина Е. - Звегинцеву Ал. Ив. (О неурядицах во фракции и о плохих видах на урожай)
300##$aНа папке дела: 14 августа 1912 г.
300##$aРукописный текст
330##$aВходит в раздел описи: 1. Письма к А. И. Звегинцову. 2/ Письма по служебной деятельности А. И. Звегинцова
461#0$1001fc48e33c-c630-4015-85dd-2f2aab656f45
$12001
$aЗвегинцев Александр Иванович, помещик Воронежской губернии, депутат III Государственной думы, член партии "Союз 17 октября"
$1251
$cФонд
$1852
$j932
462#0$1001ddcf82e7-7bd9-4c5e-b7f1-85df8b3febb3
$12001
$aДела постоянного хранения. 1899-1913 гг.
$vД. 389
$1251
$cОпись
$1852
$j1
5171#$aПисьмо Шейдлина Е. - Звегинцеву Ал. Ив. (О неурядицах во фракции и о плохих видах на урожай)
600#1$aЗвегинцев
$bА. И.
$gАлександр Иванович
600#1$aШейдлин
$bЕ.
60102$3RU\NLR\AUTH\889942787
$aСоюз 17 октября
801#0$aRU
$bGA_RF
801#1$aRU
$bГлавНИВЦ
$c20211120
$2rusmarc
801#2$aRU
$bПБ им. Б.Н. Ельцина
$c20211210
$gRCR
$2rusmarc
852##$aГА РФ
$j389
937##$d171410142
$hГАРФ
035##$aRuPRLIB51062631
856##$uhttp://readingroom.main.prlib.ru/item.aspx?id_node=n171410142&mode=full
Формат отображения